000 00538nam a2200133Ia 4500
008 220216s9999 xx 000 0 und d
100 _aMercy M A
245 0 _aEarly evaluation of a set of wild Hevea germplasm for drought tolerance in the North Konkan region
260 _bIRC 2012. International Rubber Conference, 28-31 October 2012, Kovalam, India, Rubber Research Institute of India, Kottayam and IRRDB, Malaysia: Abstracts. pp.72-73.
650 _aDrought tolerance
700 _aMeenakumari T
700 _aSingh M
942 _cBS
999 _c49582
_d49582